Estado: ¿concepto o sujeto cambiante? (Registro nro. 31468)

Detalles MARC
000 -LEADER
fixed length control field 00311 a2200109 4500
001 - CONTROL NUMBER
control field ART_30496
005 - DATE AND TIME OF LATEST TRANSACTION
control field 20260410162003.0
008 - FIXED-LENGTH DATA ELEMENTS--GENERAL INFORMATION
fixed length control field 260409a
100 1# - MAIN ENTRY--PERSONAL NAME
Personal name Pinard, Gustavo
245 10 - TITLE STATEMENT
Title Estado: ¿concepto o sujeto cambiante?
773 0# - HOST ITEM ENTRY
Title Foro político
Related parts - Vol. XIX (abr. 1997)
Record control number REV30389

No hay ítems disponibles.